| 000 | 01036nam a2200229 i 4500 | ||
|---|---|---|---|
| 001 | 187792 | ||
| 003 | ES-MaACL | ||
| 005 | 20250902103718.0 | ||
| 008 | 180223s1873 sp |||| | spa d | ||
| 245 | 0 | 3 |
_aLa abolición de la esclavitud en Puerto-Rico _b: reunión celebrada en el Teatro Nacional de la Ópera, por la Sociedad Abolicionista Española, el día 23 de enero de 1879 / _cpresidencia, Sr. D. Fernando de Castro ; oradores, señores Carrasco, Labra, Alonso (J.B.) y Rodríguez (G.). |
| 260 |
_aMadrid : _bSociedad Abolicionista Española, _c1873. |
||
| 300 |
_a53 p. ; _c19 cm. |
||
| 594 | _aPrecede al tít.: Propaganda anti-esclavista. | ||
| 650 | 4 |
_aEsclavitud- _zPuerto Rico _912363 |
|
| 700 | 1 |
_aCastro, Fernando de, _d1814-1874 _9150497 |
|
| 700 | 1 |
_aCarrasco, Antonio. _935520 |
|
| 700 | 1 |
_aLabra, Rafael M. de, _d1840-1918 _969273 |
|
| 700 | 1 |
_aRodríguez, Gabriel, _d1829-1901 _998243 |
|
| 710 | 2 |
_aSociedad Abolicionista Española _96627 |
|
| 852 |
_aES-MaACL _jT-616-F-10 |
||
| 999 |
_c187792 _d187792 |
||